Wills book of excellence: The Olympics (Record no. 38421)
[ view plain ]
| 000 -LEADER | |
|---|---|
| fixed length control field | 00323nam a2200121Ia 4500 |
| 082 ## - DEWEY DECIMAL CLASSIFICATION NUMBER | |
| Classification number | 79.092 (100) |
| Item number | LOK |
| 100 ## - MAIN ENTRY--AUTHOR NAME | |
| Personal name | Lokesh Sharma |
| 245 #0 - TITLE STATEMENT | |
| Title | Wills book of excellence: The Olympics |
| 260 ## - PUBLICATION, DISTRIBUTION, ETC. (IMPRINT) | |
| Place of publication | Calcutta |
| Name of publisher | Orient Longman |
| Year of publication | 1984 |
| 650 ## - SUBJECT ADDED ENTRY--TOPICAL TERM | |
| Topical Term | Olympic games |
| 942 ## - ADDED ENTRY ELEMENTS (KOHA) | |
| Koha item type | Books |
| Withdrawn status | Lost status | Damaged status | Not for loan | Home library | Current library | Date acquired | Cost, normal purchase price | Full call number | Accession Number | Koha item type |
|---|---|---|---|---|---|---|---|---|---|---|
| RRII Library | RRII Library | 16/12/2021 | 100.00 | 79.092 (100) LOK | 18778 | Books |